Statistics for States that border Colorado

Click here to take the quiz!

General Stats

  • This quiz has been taken 227 times
  • The average score is 6 of 7

Answer Stats

Hint Answer % Correct
7New Mexico
95%
6Utah
95%
2Wyoming
92%
4Nebraska
92%
1Kansas
91%
3Arizona
89%
5Oklahoma
83%

Score Distribution

Percentile by Number Answered

Percent of People with Each Score

Your Score History

You have not taken this quiz